000 00471nam a22001697a 4500
005 20250122190421.0
008 250122b |||||||| |||| 00| 0 eng d
020 _a9780412627507
050 _aHG6021 CHI
100 _aChicken John C.
245 _aRisk Handbook
_cJohn C. Chicken
260 _aLondon
_bInternational Thomson Business Press
_c1996
300 _axvii. 388p.
_bill.
_c25 cm x 19.5 cm
500 _aIncludes Index
650 _2Finance
942 _2lcc
_cBK
_n0
999 _c2845
_d2845